000 00297nam a2200097Ia 4500
008 220204s9999 xx 000 0 und d
082 _a331.2(047)
_bREP
245 0 _aReport of the third central pay commission 1973. V II, Pt 1 and 3; V III
260 _aDelhi
_bMinistry of Finance
_c1973
942 _cBK
999 _c22502
_d22502